000 00582nam a22001457a 4500
020 _a0-571-21926-8
082 _a823
_bBRU/W
100 _aBRUGMAN, ALYSSA
245 _aWALKING NAKED
260 _aLONDON
_bFABER AND FABER
_c1994
300 _a171
520 _aA sharply-observed, unflinching story for teenagers about the ins and outs of friendship among girls; a story about individuals and peer groups, about power and freedom, about the painful getting of wisdom and self-knowledge. 'Every school has one. They are ugly or fat.
650 _aNOVEL
_zUNITED KINGDOM
942 _cBK
999 _c4251
_d4251